| 000 | 00987nam a2200301 i 4500 | ||
|---|---|---|---|
| 003 | EG-GICUC | ||
| 005 | 20260126140225.0 | ||
| 008 | 260126s1922 uk ||||fr|||| 000 0 eng d | ||
| 040 |
_aEG-GiCUC _beng _cEG-GiCUC _dEG-GiCUC _erda |
||
| 041 | _aeng | ||
| 082 | 0 | 4 |
_221 _a341.33 _bSA . G |
| 092 | 0 | 4 | _221 |
| 099 | _aLaw1 11 341.33 SA . G 2 ed - 1922 | ||
| 100 | 1 |
_aSatow, Ernest , _eAuthor. |
|
| 245 | 1 | 2 |
_aA guide to diplomatic practice. _nVol I / _cby the Rt. Hon. Sir Ernest Satow. |
| 250 | _aSecond and revised edition. | ||
| 264 | 1 |
_aLondon : _bLongmans, Green, _c1922. |
|
| 300 |
_a419 pages ; _c24 cm. _billustrations, |
||
| 336 |
_2rda content _atext |
||
| 337 |
_2rda media _aComputer |
||
| 338 |
_2rda carrier _aOnline Resource |
||
| 546 | _aText in English | ||
| 650 | 1 | 4 |
_aDiplomatic and consular service. _xPublic international law _2qrmak |
| 651 | 1 | _2qrmak | |
| 856 | 4 | 0 | _uhttps://fll.law.cu.edu.eg/fulltext/bks/B11-06906.pdf |
| 905 | _a79 | ||
| 942 |
_2ddc _n0 _cBK _e21 |
||
| 999 |
_c59466 _d59466 |
||